Kliknij aby przetłumaczyć – niderlandzki - Statystyki

Ogólne statystyki
  • Ten quiz został rozwiązany 1 987 razy
  • Średni wynik to 12 z 20
Statystyki odpowiedzi
Hint Odpowiedź % Poprawnych
Biblioteka Bibliotheek
90%
Matka Moeder
85%
Fabryka Fabriek
81%
Wakacje Vakantie
76%
Wtorek Dinsdag
75%
Rok Jaar
75%
Jajko Ei
74%
Łazienka Badkamer
68%
Słońce Zon
67%
Nic Niets
66%
Ser Kaas
60%
Czarny Zwart
60%
Szpital Ziekenhuis
58%
Kapelusz Hoed
54%
Dziewięć Negen
52%
Malina Framboos
38%
Wczoraj Gisteren
38%
Batyskaf Onderzeeër
36%
Twarz Gezicht
35%
Świnia Varken
27%
Nie znaleziono quizów pasujących do podanych kryteriów
Rozkład punktacji
Procent ludzi z każdym wynikiem
Percentyl według liczby udzielonych odpowiedzi
Twoja historia wyników
Nie rozwiązałeś tego quizu